Music Video Cameos - Statistics

General Stats
  • This quiz has been taken 7 times
  • The average score is 2 of 18
Answer Stats
Artist Music Video Cameo % Correct
Fatboy Slim Weapon of Choice Christopher Walken
67%
Bruce Springsteen Dancing in the Dark Courteney Cox
33%
SZA Drew Barrymore Drew Barrymore
33%
Fall Out Boy Thnks fr the Mmrs Kim Kardashian
33%
Rihanna B*tch Better Have My Money Mads Mikkelsen
33%
Lady Gaga Paparazzi Alexander Skarsgard
17%
Paula Abdul Rush Rush Keanu Reeves
17%
One Direction Steal My Girl Danny DeVito
0%
The Killers Mr Brightside Eric Roberts
0%
Chris Isaak Wicked Game Helena Christensen
0%
Maroon 5 She Will Be Loved Kelly Preston
0%
Rolling Stones Ride Em On Down Kristen Stewart
0%
Harry Styles Treat People with Kindness Phoebe Waller-Bridge
0%
Shakira Gypsy Rafael Nadal
0%
Ed Sheeran Lego House Rupert Grint
0%
Justin Timberlake What Goes Around… Comes Around Scarlett Johansson
0%
David Bowie The Stars Are Out Tonight Tilda Swinton
0%
Carly Rae Jepsen I Really Like You Tom Hanks
0%
No matching quizzes found
Score Distribution
Percent of People with Each Score
Percentile by Number Answered
Your Score History
You have not taken this quiz